000 00276nam a22001217a 4500
008 181206b xxu||||| |||| 00| 0 eng d
041 _aeng
080 _a714
100 _a45
101 _aART
245 _aComplete Guide To Arcylic Painting
_cBlake.W
942 _2udc
_cBK
999 _c52928
_d52928